Parts of the World - Statistics

General Stats
  • This quiz has been taken 20 times
  • The average score is 4 of 6
Answer Stats
5 Largest Cities Continent % Correct
CairoKinshasa Lagos Luanda Dar es Salaam Africa
100%
TokyoDelhi Shanghai Dhaka Beijing Asia
94%
Melbourne Sydney Brisbane Perth Auckland Australia
78%
MoscowParis London Madrid Barcelona Europe
78%
Mexico CityNew York Toronto Guadalajara Monterrey North America
56%
Sao PãuloBuenos Aires Rio de Janeiro Bogotá
Lima
South America
39%
No matching quizzes found
Score Distribution
Percent of People with Each Score
Percentile by Number Answered
Your Score History
You have not taken this quiz